La metamorfosis
Guardat en:
| Autor principal: | |
|---|---|
| Format: | Llibre |
| Idioma: | espanyol |
| Publicat: |
Santiago
Texido
1993
|
| Col·lecció: | Colección clásicos universales
|
| Matèries: | |
| Etiquetes: |
Afegir etiqueta
Sense etiquetes, Sigues el primer a etiquetar aquest registre!
|
MARC
| LEADER | 00000nam a2200000 a 4500 | ||
|---|---|---|---|
| 001 | UCH6379 | ||
| 003 | CL-VaPUC | ||
| 008 | 091109e19930000CL |||||||||||||||||spa|d | ||
| 082 | 0 | 4 | |a 891.863 |b KAF |2 21 |
| 100 | |a Kafka, Franz |e author |9 266293 | ||
| 245 | 1 | 3 | |a La metamorfosis |
| 300 | |a 77 p | ||
| 942 | |c BK | ||
| 945 | |d 20091109 00:00:00 |a lazolas | ||
| 260 | |a Santiago |b Texido |c 1993 | ||
| 650 | 0 | |a Novelas checoslovacas |9 265635 | |
| 583 | |a last modification |c 20091109 00:00:00 |k Rodrigo Vera | ||
| 490 | 0 | |a Colección clásicos universales | |
| 999 | |c 337281 |d 337279 | ||